Edakkal caves & the history of wayanad : (Record no. 42286)
[ view plain ]
| 000 -LEADER | |
|---|---|
| fixed length control field | 00786nam a22002057a 4500 |
| 005 - DATE AND TIME OF LATEST TRANSACTION | |
| control field | 20100817123642.0 |
| 010 ## - LCCN (DPL NO) | |
| LC control number | ENG-100684 |
| 020 ## - INTERNATIONAL STANDARD BOOK NUMBER | |
| International Standard Book Number | 9788182646421 |
| Terms of availability | 150.00 |
| 035 ## - SYSTEM CONTROL NUMBER | |
| System control number | EN-84217 |
| 037 ## - SOURCE OF ACQUISITION | |
| Source of stock number/acquisition | DBAD/PUB |
| 082 ## - DEWEY DECIMAL CLASSIFICATION NUMBER | |
| Classification number | 954.01 |
| 245 ## - TITLE STATEMENT | |
| Title | Edakkal caves & the history of wayanad : |
| Remainder of title | a student 's handbook / |
| Statement of responsibility, etc | edited by Ok Johnny |
| 260 ## - PUBLICATION, DISTRIBUTION, ETC. (IMPRINT) | |
| Place of publication, distribution, etc | Kozhikode |
| Name of publisher, distributor, etc | Mathrubhumi Books |
| Date of publication, distribution, etc | 2008 |
| 270 ## - ADDRESS | |
| Address | Mathrubhumi Building , K P Kesava Menon Road |
| City | Kozhikode |
| Postal code | 673001 |
| 300 ## - PHYSICAL DESCRIPTION | |
| Extent | 224p. |
| Dimensions | 18cm (pbk) |
| Accompanying material | b&w photos |
| 650 ## - SUBJECT ADDED ENTRY--TOPICAL TERM | |
| Topical term or geographic name as entry element | Wayanad |
| General subdivision | History |
| Geographic subdivision | India |
| 700 ## - ADDED ENTRY--PERSONAL NAME | |
| Personal name | Johnny, Ok |
| 9 (RLIN) | 14355 |
| 942 ## - ADDED ENTRY ELEMENTS (KOHA) | |
| Source of classification or shelving scheme | Dewey Decimal Classification |
| Item type | English Books |
| Classification part | 954.01 |
| Call number suffix | EDA |
| Withdrawn status | Lost status | Not for loan | Collection code | Home library | Current library | Date acquired | Source of acquisition | Cost, normal purchase price | Full call number | Barcode | Copy number | Cost, replacement price | Koha item type |
|---|---|---|---|---|---|---|---|---|---|---|---|---|---|
| Not For Loan | Non-fiction | D.B.Act.Division | D.B.Act.Division | 17/08/2010 | DBAD/PUB | 150.00 | 954.01 EDA | EN-84217 | 1 | 150.00 | English Books |
